000 00410nam a2200133 a 4500
001 000036436
005 20200930075729.0
008 120117s1956 xxca 000 spa d
040 _aDO-SdBNP
_bspa
_cBNPHU
100 1 _aEasterbrook, W. T.
_962655
245 1 0 _aCanadian economic history /
_cW. T. Easterbrook and Hugh G. J. Aitken.
260 _aToronto :
_bMacmillan Company,
_c1956.
300 _a606 p. ;
_c23 cm.
999 _c35927
_d35927